000 00488nam a2200181Ia 4500
005 20250603145051.0
008 250603s9999 xx 000 0 und d
020 _a9781800378100
050 _aH 97.3 .H36/
100 _aEdited by Emily St.Denny and Philippe Zittoun
245 0 _aHandbook of teaching public policy
260 _aCheltenham
260 _bEdward Elgar PublishingEdward Elgar Publishing
260 _c2024
300 _a541 p
650 _aCheltenham
942 _cBK
999 _c40768
_d40768